PC 386/486 y PENTIUM Software Est ndar / Klaus Maab... [et al]. (Registro nro. 12744)
[ vista simple ]
| 000 -LÍDER | |
|---|---|
| fixed length control field | 00528nam a2200169 4500 |
| 008 - ELEMENTOS DE LONGITUD FIJA -- INFORMACIÓN GENERAL | |
| fixed length control field | 0 1995 0a 000 0MEX |
| 020 ## - NÚMERO INTERNACIONAL NORMALIZADO PARA LIBROS | |
| ISBN | 970-11-0030-1 |
| 050 ## - SIGNATURA TOPOGRAFICA DE LA BIBLIOTECA DEL CONGRESO (LC) | |
| Número de Clasificación | QA76.754 M318 |
| 082 ## - NUMERO DE CLASIFICACION DECIMAL DEWEY | |
| Número de Clasificación | 001.642.502.02 M312p |
| 100 ## - ASIENTO PRINCIPAL--NOMBRE PERSONAL | |
| Nombre personal | Maab, Klaus |
| 245 ## - TÍTULO | |
| Título | PC 386/486 y PENTIUM Software Est ndar / Klaus Maab... [et al]. |
| 260 ## - PUBLICACIÓN, DISTRIBUCIÓN, ETC. (PIE DE IMPRENTA) | |
| Lugar de publicación, distribución, etc. | México : Alfaomega |
| 300 ## - DESCRIPCIÓN FÍSICA | |
| Extensión | 154 p. / 23 cm. |
| 500 ## - NOTA GENERAL | |
| Nota general | Contiene Indice |
| 650 ## - ASIENTO SECUNDARIO DE MATERIA - TERMINO TEMÁTICO | |
| Término temático o nombre geográfico como elemento de entrada | 1.LENGUAJE DE PROGRAMACION (COMPUTADORAS ELECTRONICAS) |
| 700 ## - ASIENTO SECUNDARIO - NOMBRE PERSONAL | |
| Nombre personal | Petrowiski, Thorsten |
| No. biblioteca | No. biblioteca | Número de clasificación | Código de barras/Número de adquisición | Número de copia | Tipo de material |
|---|---|---|---|---|---|
| LUIS G. INCLAN | LUIS G. INCLAN | 001.642.502.02 M312p | 25706 | 2 | Libros |
| LUIS G. INCLAN | LUIS G. INCLAN | 001.642.502.02 M312p | 25705 | 1 | Libros |
